La educación en el Ateneo de Madrid, 1835-1936 : (Record no. 47859)

MARC details
000 -LEADER
campo de control de longitud fija 02299nam a2200301 i 4500
001 - NÚMERO DE CONTROL
campo de control 47859
003 - IDENTIFICADOR DE NÚMERO DE CONTROL
campo de control ES-MaACL
005 - FECHA Y HORA DE LA ÚLTIMA TRANSACCIÓN
campo de control 20250704062543.0
007 - CAMPO FIJO DE DESCRIPCIÓN FÍSICA--INFORMACIÓN GENERAL
campo de control de longitud fija t|
008 - DATOS DE LONGITUD FIJA--INFORMACIÓN GENERAL
campo de control de longitud fija 030618s1986 sp |||| | spa d
040 ## - FUENTE DE CATALOGACIÓN
Centro/agencia transcriptor ES-MaACL
080 ## - NÚMERO DE LA CLASIFICACIÓN DECIMAL UNIVERSAL
Número de la Clasificación Decimal Universal 061.21(460.27)Ateneo(091)
080 ## - NÚMERO DE LA CLASIFICACIÓN DECIMAL UNIVERSAL
Número de la Clasificación Decimal Universal 37(460.27 M.)
100 1# - ENTRADA PRINCIPAL--NOMBRE DE PERSONA
Nombre de persona Fresneda Heredero, Ángel-Javier.
9 (RLIN) 52533
Término indicativo de función/relación Autor
245 13 - MENCIÓN DEL TÍTULO
Título La educación en el Ateneo de Madrid, 1835-1936 :
Resto del título un enfoque documental : memoria de licenciatura /
Mención de responsabilidad, etc. por Ángel-Javier Fresneda Heredero.
260 ## - PUBLICACIÓN, DISTRIBUCIÓN, ETC.
Lugar de publicación, distribución, etc. Madrid :
Nombre del editor, distribuidor, etc. Universidad Complutense, Facultad de Filosofía y Ciencias de la Educación, Sección Ciencias de la Educación,
Fecha de publicación, distribución, etc. 1986.
300 ## - DESCRIPCIÓN FÍSICA
Extensión 2 volúmenes ;
Dimensiones 32 cm.
500 ## - NOTA GENERAL
Nota general Índice
504 ## - NOTA DE BIBLIOGRAFÍA, ETC.
Nota de bibliografía, etc. Bibliografía
520 ## - RESUMEN, ETC.
Sumario, etc. Demostrar la existencia de estudios científico-educativos en la labor del Ateneo de Madrid en el período 1935-36. Contribuciones del Ateneo en el campo de la ciencia educativa. La metodología de la investigación es documental y bibliográfica, desarrollada en 2 fases: 1. Localización, clasificación y resumen de documentos relativos a la temática educativa en el Ateneo; 2. Análisis de los documentos desde una perspectiva histórica (dependiendo del contexto político y cultural en el que se ubica cronológicamente el texto), institucional (teniendo en cuenta las constantes del Ateneo como institución y las diversas fases de su evolución), y personal (centrada en las características particulares del autor del texto analizado). Documentos primarios y secundarios. Análisis documental. Análisis histórico. Por un lado, se recogen, clasifican y resumen las noticias relacionadas con el tratamiento de las ciencias de la educación en el Ateneo. Por otro lado, se recogen los análisis realizados sobre documentos reunidos desde una perspectiva educativa, política y cultural, y desde la influencia mutua entre el Ateneo y otras instituciones educativas
610 24 - PUNTO DE ACCESO ADICIONAL DE MATERIA--NOMBRE DE ENTIDAD CORPORATIVA
Nombre de entidad corporativa o nombre de jurisdicción como elemento de entrada Ateneo de Madrid-
Subdivisión de forma Historia
9 (RLIN) 1925
650 #7 - PUNTO DE ACCESO ADICIONAL DE MATERIA--TÉRMINO DE MATERIA
9 (RLIN) 170806
Término de materia o nombre geográfico como elemento de entrada Enseñanza-
Subdivisión geográfica Madrid
710 2# - ENTRADA AGREGADA--NOMBRE DE ENTIDAD CORPORATIVA
Nombre de entidad corporativa o nombre de jurisdicción como elemento de entrada Universidad Complutense de Madrid.
Unidad subordinada Facultad de Filosofía y Ciencias de la Educación.
9 (RLIN) 7123
852 ## - LOCALIZACIÓN
Ubicación ES-MaACL
Ubicación en estantería Sala Pecera Planta 3
Número de control de estantería G-14562-63
942 ## - ELEMENTOS DE ENTRADA SECUNDARIOS (KOHA)
Tipo de ítem Koha Libro impreso
Suprimir en OPAC No
Holdings
Estatus retirado Estado de pérdida Estado de daño No para préstamo Colección Biblioteca de origen Biblioteca actual Ubicación en estantería Fecha de adquisición Fuente de adquisición Total de préstamos Signatura topográfica completa Código de barras Visto por última vez Precio de reemplazo Tipo de ítem Koha
        Fondo Ateneo de Madrid Biblioteca del Ateneo de Madrid Biblioteca del Ateneo de Madrid Sala Pecera Planta 3 17/01/2008     G-14562-63 1050363 23/02/2023 23/02/2023 Libro impreso